| 000 | 00549nam a2200205Ia 4500 | ||
|---|---|---|---|
| 005 | 20260429111914.0 | ||
| 008 | 260429s9999||||xx |||||||||||||| ||und|| | ||
| 020 | _a9789392969942 | ||
| 041 | _aEnglish | ||
| 082 |
_a539.7222 _bMAK |
||
| 100 | _aMakavan, Gayatri | ||
| 245 | 0 |
_aIntroduction to gamma radiation / _cGayatri Makavan |
|
| 260 |
_aNew Delhi : _bAgri Horti Press, _c2025. |
||
| 300 | _aix, 325 p.; hb | ||
| 650 | _a Gamma rays | ||
| 650 | _a Particle physics | ||
| 650 | _aNuclear physics | ||
| 700 | _a Buch, S.L. | ||
| 942 | _cTB | ||
| 999 |
_c51362 _d51362 |
||